000 01044nam a22002897a 4500
001 7816
003 FISKH
005 20250811114545.0
008 250811b cb ||||| |||| 00| 0 eng d
040 _aFISKH
_beng
_cFISKH
_dFISKH
050 _aPZ8.D28 C
082 _a398.2
100 _aDavidson, Susanna
245 _aCinderella /
_cRetold by Susanna Davidson ; Illustrated by Fabiano Fiorin
250 _aThis edition first published in 2004
260 _aLondon :
_bUsborne,
_c2004
300 _a48 pages :
_bcolor illustrations ;
_c20 cm
505 _aL
520 _a'You? Go to the ball?' said Cinderella's stepmother. 'You must be joking. You belong in the kitchen.' But Cinderella's fairy godmother has other ideas. With a wave of her wand, the magic begins. Cinderella's life is about to change forever.
521 8 _a510
_bLexile
521 8 _aL
_bRaz-Plus
650 _2Cinderella
_aPrincess
650 _2Fairy tales
_aUsborne
700 _aFiorin, Fabiano
_dillustrator
942 _2ddc
_cBK
_n0
999 _c7816
_d7816